1633 1596 1912 1747 1277 1175 1077 1595 1438 1966 1215 1625 1840 1229 1804 1580 1138 1836 1523 1784 1265 1981 1734 1265 1325 1144 1674 1878 1988 1908 1799 1227 1663 1988 1645 1988 1729 1254 1543 1634 1750 1407 1548 1937 1391 1327 1332 1126 1617 1182 1885 1172 1137 1076 1946 1548 1489 1117 1240 1572 1898 1822 1453 1224 1062 1330 1576 1561 1929 1394 1348 1569 1899 1874 1741 1771 1344 1868 1541 1866 1499 1550 1699 1790 1749 1502 1126 1934 1758 1163 1252 1137 1526 1392 1097 1670 1454 1673 1331 BCNSPRNW ULIB Ver.6.0+V

เปลี่ยนเป็นภาษาไทย

Change to English
 แสดงรายละเอียดบรรณานุกรม
  กลับหน้าหลัก

Brief Record : Get Marc (ISO 2709) : E-mail record : QR code < ปิดหน้าต่าง
LEADER : 00000nam 2200000uu 4500
001    13399124803
003     ULIB
008    160325s2000||||th 000 0 eng d
020    ^a080892186X
020    ^a0721662544
020    ^a0721682618
060    ^aW3^bD73
245 00 ^aDorland's illustrated medical dictionary /^c[WilliamAlexander Dorland]
246 30 ^aIllustrated medical dictionary
250    ^a29th ed.
260    ^aPhiladelphia :^bW.B. Saunders,^c2000
300    ^axxiii, 2088 p. :^bill. ;^c29 cm.
500    ^aSend to Single Search
650  2 ^aDictionaries, Medical
650  2 ^aReference Books, Medical
700 1  ^aDorland, W.A. Newman^q(William Alexander Newman),^d1864-1956
945    ^p350^l0^i000352
945    ^p350^l0^i000353
999    ^aเกษร โพธิ์สุวรรณ
รายการนี้ยังไม่มีแท็ก
คุณยังไม่ได้ล็อกอิน คุณสามารถมีกิจกรรมร่วมกับเว็บไซต์ได้ แต่ต้องล็อกอินก่อน ::
  ล็อกอิน

รายการสื่อสารสนเทศ

ลำดับที่ ประเภท เลขเรียก/บาร์โค้ด สถานที่ สถานะ
1. วิทยาศาสตร์การแพทย์ และสุขภาพ
หนังสือสำรอง
สถานะ=หนังสือสำรอง
W3 D73 ฉ.1 
  Barcode: 000352
ห้องสมุดวิทยาเขตสวรรค์ประชารักษ์
►หนังสือทั่วไป
บนชั้น
2. วิทยาศาสตร์การแพทย์ และสุขภาพ
วิทยาศาสตร์การแพทย์ และสุขภาพ
W3 D73 ฉ.2 
  Barcode: 000353
ห้องสมุดวิทยาเขตสวรรค์ประชารักษ์
►หนังสือทั่วไป
บนชั้น

รายการใกล้เคียง
    หัวเรื่อง [Dictionaries, Medical]
    หัวเรื่อง [Reference Books, Medical]

BibComment


ยังไม่เคยถูกคอมเมนท์

คอมเมนท์ทรัพยากรรายการนี้
  คอมเมนท์: Dorlands illustr..


 Copyright 2026. Bcnsprnw @Library